[Event "Oberliga Sued W 1920"]
[Site "Germany"]
[Date "2019.12.08"]
[Round "4.2"]
[White "Boidman, Yuri"]
[Black "Kling, Felix"]
[Result "1/2-1/2"]
[WhiteElo "2335"]
[BlackElo "2148"]
[PlyCount "81"]
[EventDate "2019.09.29"]
[EventType "team-tourn"]
[EventRounds "9"]
[EventCountry "GER"]
[SourceTitle "EXT 2021"]
[Source "ChessBase"]
[SourceDate "2020.10.23"]
[SourceVersion "1"]
[SourceVersionDate "2020.10.23"]
[SourceQuality "1"]

1. d4 d5 2. c4 c6 3. cxd5 cxd5 4. Nc3 Nf6 5. Bf4 Nc6 6. e3 Ne4 7. Qb3 Nxc3 8. bxc3 g6 9. Bb5 Bg7 10. Nf3 0-0 11. Bxc6 bxc6 12. 0-0 f6 13. h3 Bf5 14. c4 Qd7 15. Rac1 Rac8 16. Rc3 dxc4 17. Qxc4+ Be6 18. Qc5 Bd5 19. Ra3 Ra8 20. Bg3 Rfe8 21. Qc2 Rec8 22. e4 Bf7 23. Rb1 Bf8 24. Ra6 e6 25. Qa4 Be8 26. Qb3 Bf7 27. e5 f5 28. Qb7 Qc7 29. Ng5 Rab8 30. Rxa7 Rxb7 31. Rbxb7 Qd8 32. Nxf7 Qxd4 33. Nd6 Rb8 34. Rxb8 Qxa7 35. Rb7 Qa8 36. Rd7 h6 37. Bf4 g5 38. Be3 Bxd6 39. exd6 Qa3 40. Bb6 Qb4 41. Bc7 1/2-1/2

[Event "Oberliga Sued W 1819"]
[Site "Germany"]
[Date "2019.04.07"]
[Round "9.3"]
[White "Heidorn, Oliver"]
[Black "Kling, Felix"]
[Result "0-1"]
[WhiteElo "2119"]
[BlackElo "2183"]
[PlyCount "80"]
[EventDate "2018.10.21"]
[EventType "team-tourn"]
[EventRounds "9"]
[EventCountry "GER"]
[SourceTitle "EXT 2020"]
[Source "ChessBase"]
[SourceDate "2019.10.17"]
[SourceVersion "1"]
[SourceVersionDate "2019.10.17"]
[SourceQuality "1"]
[WhiteTeam "Altenkirchen"]
[BlackTeam "Gau Algesheim"]
[WhiteTeamCountry "GER"]
[BlackTeamCountry "GER"]

1. d4 d5 2. c4 c6 3. cxd5 cxd5 4. Nc3 Nf6 5. Bf4 Nc6 6. e3 Ne4 7. f3 Nxc3 8. bxc3 g6 9. Bd3 Bg7 10. Ne2 0-0 11. Qd2 e5 12. dxe5 Nxe5 13. Nd4 Nxd3+ 14. Qxd3 Qa5 15. 0-0 b6 16. Rfc1 Ba6 17. Qd2 Rac8 18. a4 Bc4 19. Bd6 Rfd8 20. Bb4 Qa6 21. Nb5 Rc6 22. Nd4 Rc7 23. h4 Qc8 24. a5 b5 25. a6 Re8 26. Ra5 Qd7 27. Qf2 Bxd4 28. cxd4 Rc6 29. Ra3 Qc7 30. h5 gxh5 31. Qh4 Rg6 32. f4 Kh8 33. Qxh5 Reg8 34. Rc2 f6 35. Raa2 Qg7 36. Rab2 Bd3 37. Rd2 Be4 38. f5 Rh6 39. Qe2 Qg3 40. Qf1 Qh2+ 0-1

[Event "Oberliga Sued W 1819"]
[Site "Germany"]
[Date "2019.03.24"]
[Round "8.3"]
[White "Kling, Felix"]
[Black "Weller, Manuel"]
[Result "0-1"]
[WhiteElo "2183"]
[BlackElo "2232"]
[PlyCount "102"]
[EventDate "2018.10.21"]
[EventType "team-tourn"]
[EventRounds "9"]
[EventCountry "GER"]
[SourceTitle "EXT 2020"]
[Source "ChessBase"]
[SourceDate "2019.10.17"]
[SourceVersion "1"]
[SourceVersionDate "2019.10.17"]
[SourceQuality "1"]
[WhiteTeam "Gau Algesheim"]
[BlackTeam "Schwarzenbach Caissa"]
[WhiteTeamCountry "GER"]
[BlackTeamCountry "GER"]

1. d4 d5 2. c4 Nc6 3. Nf3 Bg4 4. e3 e5 5. Qb3 Bxf3 6. gxf3 Bb4+ 7. Bd2 Bxd2+ 8. Nxd2 exd4 9. cxd5 dxe3 10. fxe3 Qh4+ 11. Kd1 Nd8 12. Rc1 Nf6 13. Rxc7 0-0 14. Be2 Re8 15. e4 Qf4 16. Qc3 Nc6 17. Rxb7 Ne5 18. Rc7 Red8 19. Bb5 Rab8 20. a4 a6 21. Be2 Ne8 22. Rc5 Nd6 23. b4 f5 24. Qd4 fxe4 25. fxe4 Nf5 26. Qc3 Ne3+ 27. Kc1 Kh8 28. a5 Nd7 29. Rc6 Nf6 30. Bd3 Nexd5 31. exd5 Nxd5 32. Rf1 Qe3 33. Qc4 Nxb4 34. Qxb4 Rxb4 35. Rc3 Qe5 36. Kc2 Qxa5 37. Bc4 Qa4+ 38. Bb3 Qd7 39. Nc4 Rbb8 40. Kb1 Qe7 41. Rfc1 Qg5 42. Ka2 g6 43. R1c2 a5 44. Na3 Rd2 45. Rxd2 Qxd2+ 46. Rc2 Qd3 47. Bc4 Qd4 48. Re2 Rf8 49. Rc2 Rf2 50. Be2 Qd5+ 51. Kb2 Qe5+ 0-1

[Event "Oberliga Sued W 1819"]
[Site "Germany"]
[Date "2019.01.20"]
[Round "5.3"]
[White "Kling, Felix"]
[Black "Hermann, Thomas"]
[Result "1-0"]
[WhiteElo "2183"]
[BlackElo "2110"]
[PlyCount "89"]
[EventDate "2018.10.21"]
[EventType "team-tourn"]
[EventRounds "9"]
[EventCountry "GER"]
[SourceTitle "EXT 2020"]
[Source "ChessBase"]
[SourceDate "2019.10.17"]
[SourceVersion "1"]
[SourceVersionDate "2019.10.17"]
[SourceQuality "1"]
[WhiteTeam "Gau Algesheim"]
[BlackTeam "Winterbach Turm"]
[WhiteTeamCountry "GER"]
[BlackTeamCountry "GER"]

1. d4 Nf6 2. Nf3 e6 3. e3 b6 4. Bd3 Bb7 5. 0-0 c5 6. c4 Be7 7. Nc3 d5 8. cxd5 exd5 9. Bb5+ Nbd7 10. dxc5 Bxc5 11. Ne5 a6 12. Bc6 Bxc6 13. Nxc6 Qc7 14. Nd4 0-0 15. h3 Ne5 16. b3 Rfd8 17. Bb2 Ne4 18. Rc1 Qd6 19. Rc2 Qg6 20. Nce2 Bxd4 21. Nf4 Qf5 22. Qxd4 f6 23. Qxb6 Ng5 24. Rfc1 Nd3 25. Nxd3 Qxd3 26. Rc7 Qg6 27. Kh1 Qf5 28. Kg1 Qg6 29. h4 Nf3+ 30. Kh1 Nxh4 31. Qe6+ Kh8 32. Qh3 Nf5 33. g4 Nh6 34. f3 Nf7 35. f4 Qe4+ 36. Kg1 Nd6 37. g5 Ne8 38. R7c2 Qd3 39. Rh2 Qg6 40. f5 Qxg5+ 41. Kh1 h5 42. Rg1 Qh6 43. Rg6 Qh7 44. Qf3 h4 45. Qg4 1-0

[Event "Oberliga Sued W 1617"]
[Site "Germany"]
[Date "2016.09.25"]
[Round "1.4"]
[White "Kling, Felix"]
[Black "Spielmann, Alain"]
[Result "1/2-1/2"]
[WhiteElo "2219"]
[BlackElo "2226"]
[PlyCount "56"]
[EventDate "2016.09.25"]
[EventType "team-tourn"]
[EventRounds "9"]
[EventCountry "GER"]
[SourceTitle "EXT 2018"]
[Source "ChessBase"]
[SourceDate "2017.10.13"]
[SourceVersion "1"]
[SourceVersionDate "2017.10.13"]
[SourceQuality "1"]
[WhiteTeam "Gau Algesheim"]
[BlackTeam "Saarbruecken SVG"]
[WhiteTeamCountry "GER"]
[BlackTeamCountry "GER"]

1. d4 f5 2. Bg5 d5 3. e3 c6 4. c4 Qa5+ 5. Nc3 e6 6. a3 Be7 7. Bxe7 Nxe7 8. Nf3 Nd7 9. Bd3 0-0 10. 0-0 Qd8 11. b4 Qe8 12. b5 Ng6 13. bxc6 bxc6 14. cxd5 exd5 15. Qc2 Nf6 16. Na4 Ne4 17. Nc5 a5 18. Rab1 Ra7 19. Rb8 Qe7 20. Rc1 Nxc5 21. Qxc5 Qxc5 22. dxc5 Bd7 23. Rxf8+ Nxf8 24. Nd4 g6 25. Rb1 a4 26. Kf1 Ra5 27. Rc1 Kf7 28. Ke1 Ne6 1/2-1/2

[Event "Oberliga Sued W 1516"]
[Site "Germany"]
[Date "2015.12.13"]
[Round "4.7"]
[White "Loef, Dirk"]
[Black "Kling, Felix"]
[Result "0-1"]
[WhiteElo "2113"]
[BlackElo "2045"]
[PlyCount "104"]
[EventDate "2015.09.20"]
[EventType "team-tourn"]
[EventRounds "9"]
[EventCountry "GER"]
[SourceTitle "CBM 170 Extra"]
[Source "ChessBase"]
[SourceDate "2016.02.25"]
[SourceVersion "1"]
[SourceVersionDate "2016.02.25"]
[SourceQuality "1"]
[WhiteTeam "Heidesheim"]
[BlackTeam "Gau Algesheim"]
[WhiteTeamCountry "GER"]
[BlackTeamCountry "GER"]

1. d4 d5 2. Nc3 Nf6 3. Bg5 Nbd7 4. Qd3 c5 5. e4 cxd4 6. Qxd4 e5 7. Qa4 d4 8. Nd5 Be7 9. Nxf6+ Bxf6 10. Bxf6 Qxf6 11. Bb5 a6 12. Nf3 Qe7 13. Qa5 f6 14. Bc4 Qc5 15. Qxc5 Nxc5 16. Bd5 Be6 17. Bxe6 Nxe6 18. 0-0 Rc8 19. Rfc1 Nc5 20. c3 Nd3 21. Rcb1 dxc3 22. bxc3 Nc5 23. Nd2 0-0 24. f3 Rfd8 25. Nc4 Na4 26. Nb6 Nxb6 27. Rxb6 Rxc3 28. Rxb7 Rc2 29. Ra7 Rdd2 30. g4 Rg2+ 31. Kh1 Rxh2+ 32. Kg1 Rcg2+ 33. Kf1 Rxa2 34. Kg1 Rxa1+ 35. Kxh2 h6 36. Kg2 a5 37. Kf2 a4 38. Kg2 a3 39. Kh2 Kh7 40. Kg2 Kg6 41. Kg3 h5 42. gxh5+ Kxh5 43. Kg2 g6 44. Ra6 Kg5 45. Kg3 f5 46. exf5 gxf5 47. Ra4 a2 48. Kg2 e4 49. fxe4 fxe4 50. Ra5+ Kf6 51. Ra6+ Ke5 52. Kf2 e3+ 0-1

[Event "Oberliga Sued W 1314"]
[Site "Germany"]
[Date "2014.04.06"]
[Round "9.3"]
[White "Koehler, Patrick"]
[Black "Kling, Felix"]
[Result "1-0"]
[WhiteElo "2126"]
[BlackElo "2032"]
[PlyCount "187"]
[EventDate "2013.10.13"]
[EventType "team-tourn"]
[EventRounds "9"]
[EventCountry "GER"]
[SourceTitle "EXT 2015"]
[Source "ChessBase"]
[SourceDate "2014.11.20"]
[SourceVersion "1"]
[SourceVersionDate "2014.11.20"]
[SourceQuality "1"]
[WhiteTeam "Mutterstadt"]
[BlackTeam "Gau Algesheim"]
[WhiteTeamCountry "GER"]
[BlackTeamCountry "GER"]

1. Nf3 d5 2. g3 Nf6 3. Bg2 Bf5 4. c4 c6 5. Qb3 Qc8 6. cxd5 cxd5 7. Nc3 e6 8. d3 Be7 9. Bf4 0-0 10. Rc1 Nc6 11. 0-0 Qd7 12. e4 Bg6 13. Ne5 Nxe5 14. Bxe5 Ng4 15. Bf4 dxe4 16. dxe4 e5 17. Nd5 Rac8 18. Bd2 Bc5 19. h3 Nf6 20. Nxf6+ gxf6 21. Bc3 Rfd8 22. Rfd1 Qe7 23. g4 h5 24. Rxd8+ Rxd8 25. Rd1 hxg4 26. hxg4 Kg7 27. Bf3 Rxd1+ 28. Qxd1 Qd6 29. Qxd6 Bxd6 30. Kf1 Kh6 31. Bd2+ Kh7 32. Ke2 Bf8 33. Kd3 Bc5 34. Ke2 Bf8 35. Bg2 Bh6 36. Bb4 Bf4 37. Be7 Bg5 38. f3 Kh6 39. Kd3 Bh4 40. Bb4 Bg3 41. Bc5 b6 42. Be7 Kg5 43. Ke3 Bf4+ 44. Kf2 Bc1 45. b3 Bb2 46. Bf1 Bd4+ 47. Kg3 Bc3 48. Ba6 Bh7 49. b4 Be1+ 50. Kg2 Kf4 51. b5 Bh4 52. Bd6 Ke3 53. Bb8 Kd4 54. Bxa7 Kc5 55. a4 Be1 56. Bb8 Kb4 57. Bc7 Ka5 58. Bd8 Bh4 59. Kh3 Bg5 60. Kg3 Bg6 61. Kf2 Bh7 62. Ke2 f5 63. Bxg5 fxe4 64. fxe4 Bxe4 65. Bf6 Kxa4 66. Bxe5 Bd5 67. Kd3 Be6 68. g5 Kb4 69. Bd6+ Ka4 70. Kd4 Ka5 71. Bf4 Ka4 72. Ke5 Bc4 73. Be3 Ka5 74. Kd6 Kb4 75. Bxb6 Kc3 76. Kc5 Be2 77. Ba5+ Kc2 78. Bb7 Kd3 79. Bd5 Ke3 80. b6 Ba6 81. Bxf7 Kf4 82. g6 Ke5 83. Bc3+ Kf5 84. g7 Bb7 85. g8Q Kf4 86. Qg7 Ke4 87. Qe5+ Kf3 88. Bd5+ Kg4 89. Qf6 Kg3 90. Bxb7 Kh3 91. Ba6 Kg2 92. b7 Kg1 93. b8Q Kh1 94. Qg8 1-0

[Event "GER-ch op U25"]
[Site "Willingen"]
[Date "2006.06.04"]
[Round "3"]
[White "Kling, Felix"]
[Black "Biebinger, Eva"]
[Result "1-0"]
[WhiteElo "1684"]
[BlackElo "1344"]
[PlyCount "121"]
[EventDate "2006.06.04"]
[EventType "swiss"]
[EventRounds "9"]
[EventCountry "GER"]
[SourceTitle "EXT 2007"]
[Source "ChessBase"]
[SourceDate "2006.11.23"]
[SourceVersion "1"]
[SourceVersionDate "2006.11.23"]
[SourceQuality "1"]

1. d4 Nf6 2. Bg5 e6 3. Nf3 d5 4. e3 c6 5. Bd3 Be7 6. Nbd2 Nbd7 7. c3 b6 8. 0-0 Bb7 9. Ne5 Nxe5 10. dxe5 Nd7 11. Bxe7 Qxe7 12. f4 c5 13. e4 c4 14. Bc2 Qc5+ 15. Kh1 b5 16. exd5 Bxd5 17. Qe2 Rd8 18. Be4 Nb6 19. Bxd5 Qxd5 20. Ne4 Qd3 21. Qxd3 cxd3 22. Nd6+ Ke7 23. Nxb5 Nc4 24. Nd4 Rd7 25. b3 Ne3 26. Rf3 Nd5 27. Rxd3 Nxf4 28. Rd2 Rc8 29. Rad1 Ke8 30. Nb5 Rxd2 31. Rxd2 Rc5 32. g3 Ng6 33. Nxa7 Nxe5 34. c4 Ke7 35. Kg2 g5 36. a4 g4 37. a5 Rxa5 38. Nc8+ Kf6 39. Nd6 Kg6 40. Rc2 Nd3 41. Kf1 Ra1+ 42. Ke2 Nc1+ 43. Rxc1 Rxc1 44. b4 Rb1 45. b5 Kf6 46. c5 Ke7 47. Kd3 Rb4 48. Kc3 Rb1 49. Kc4 Kd7 50. Nxf7 h5 51. Ne5+ Kc7 52. Nd3 Rh1 53. b6+ Kc6 54. Nb4+ Kb7 55. Kb5 Rb1 56. c6+ Kb8 57. Kc5 Rc1+ 58. Kd6 Rc4 59. Na6+ Ka8 60. b7+ Ka7 61. b8Q+ 1-0

[Event "GER-ch op U25"]
[Site "Willingen"]
[Date "2006.06.04"]
[Round "1"]
[White "Kling, Felix"]
[Black "Neumair, Dorian"]
[Result "1-0"]
[WhiteElo "1684"]
[BlackElo "950"]
[PlyCount "65"]
[EventDate "2006.06.04"]
[EventType "swiss"]
[EventRounds "9"]
[EventCountry "GER"]
[SourceTitle "EXT 2007"]
[Source "ChessBase"]
[SourceDate "2006.11.23"]
[SourceVersion "1"]
[SourceVersionDate "2006.11.23"]
[SourceQuality "1"]

1. d4 d5 2. Nf3 Nc6 3. e3 Bf5 4. c4 dxc4 5. Bxc4 e6 6. a3 Bd6 7. Nc3 Nge7 8. e4 Bg6 9. e5 Bxe5 10. dxe5 Qxd1+ 11. Nxd1 0-0 12. Nc3 Nf5 13. 0-0 Rad8 14. Bg5 Rd7 15. Rfd1 Rxd1+ 16. Rxd1 h6 17. Bf4 Nfe7 18. b4 Bc2 19. Rd2 Bg6 20. g4 a6 21. Rd7 b5 22. Bb3 f5 23. Bxe6+ Kh8 24. g5 h5 25. Nd5 Nxd5 26. Bxd5 Nb8 27. Rxc7 Rd8 28. Be6 Kh7 29. Nh4 Be8 30. Bxf5+ Kh8 31. Nf3 Bc6 32. Kg2 Kg8 33. Rc8 1-0

[Event "GER-ch U25"]
[Site "Willingen"]
[Date "2005.05.21"]
[Round "9"]
[White "Kling, Felix"]
[Black "Belger, Christian"]
[Result "1/2-1/2"]
[WhiteElo "1513"]
[BlackElo "1822"]
[PlyCount "84"]
[EventDate "2005.05.14"]
[EventType "swiss"]
[EventRounds "9"]
[EventCountry "GER"]
[SourceTitle "CBM 106 Extra"]
[Source "ChessBase"]
[SourceDate "2005.07.01"]
[SourceVersion "1"]
[SourceVersionDate "2005.07.01"]
[SourceQuality "1"]

1. d4 Nf6 2. Bg5 g6 3. Bxf6 exf6 4. e3 Bg7 5. g3 0-0 6. Bg2 d5 7. Ne2 Be6 8. Nd2 Qd7 9. 0-0 Bh3 10. c4 Bxg2 11. Kxg2 c6 12. Nc3 dxc4 13. Nxc4 Na6 14. a3 Nc7 15. Qf3 f5 16. Rac1 g5 17. Kg1 g4 18. Qg2 Ne6 19. h4 Rac8 20. b4 Nc7 21. Rfd1 Nd5 22. Nxd5 cxd5 23. Nb2 Rxc1 24. Rxc1 Rc8 25. Qf1 Bf8 26. Nd3 Rxc1 27. Qxc1 Qb5 28. Qc2 Qc4 29. Ne1 Qxc2 30. Nxc2 f6 31. Kf1 Kf7 32. Ke2 Ke6 33. Kd3 Kd6 34. Kc3 Kc6 35. a4 Bd6 36. Ne1 b6 37. b5+ Kd7 38. Nd3 Kc7 39. Kd2 Kd7 40. Ke2 Ke6 41. Kf1 Kd7 42. Kg2 Ke6 1/2-1/2